2020-21 Sevilla FC Squad - Statistics

General Stats
  • This quiz has been taken 23 times
  • The average score is 16 of 27
Answer Stats
Squad Number Position Nationality Player % Correct
13 GK Moroccan Bono
95%
20 CB Brazilian Diego Carlos
95%
10 CM Croatian Ivan Rakitić
89%
16 RB Spanish Jesús Navas
89%
12 CB French Jules Koundé
89%
1 GK Czech Tomáš Vaclík
89%
15 ST Moroccan Youssef En-Nesyri
89%
5 RW Argentine Lucas Ocampos
84%
9 ST Dutch Luuk De Jong
84%
7 RW Spanish Suso
79%
25 DM Brazilian Fernando
74%
8 CM Spanish Joan Jordán
74%
6 DM Serbian Nemanja Gudelj
68%
3 CB Spanish Sergi Gómez
68%
- Manager Spanish Julen Lopetegui
63%
19 LB Argentine Marcos Acuña
63%
21 CM Spanish Óliver Torres
58%
4 CB Dutch Karim Rekik
47%
18 LB Spanish Sergio Escudero
47%
22 AM Argentine Franco Vázquez
37%
11 RW Spanish Munir
26%
17 RB Spanish Aleix Vidal
21%
14 AM Spanish Óscar
21%
23 LW Spanish Oussama Idrissi
21%
24 CF Spanish Carlos Fernandez
16%
31 GK Spanish Javi Díaz
5%
2 CB French Joris Gnagnon
5%
No matching quizzes found
Score Distribution
Percent of People with Each Score
Percentile by Number Answered
Your Score History
You have not taken this quiz